000 01462cam a2200373 i 4500
001 21480979
003 OSt
005 20260224163919.0
008 200326s2020 ilu b 001 0 eng
010 _a 2020014773
020 _a9781433561214
_q(trade paperback)
020 _z9781433561221
_q(pdf)
020 _z9781433561238
_q(mobipocket)
020 _z9781433561245
_q(epub)
035 _a21480979
040 _aDLC
_beng
_cDLC
_erda
042 _apcc
050 0 0 _aBT111.3
_b.S945 2020
082 0 0 _a231/.044
_223
100 1 _aSwain, Scott R.,
_eauthor.
_958106
245 1 4 _aThe Trinity :
_ban introduction /
_cScott R. Swain.
260 _aIllinois
_bCrossway
_c2020
300 _a154 p.
490 0 _aShort studies in systematic theology
504 _aIncludes bibliographical references and index.
520 _a"Scott R. Swain examines the Trinity, presenting its biblical foundations, systematic-theological structure, and practical relevance for the church today"--
650 0 _aTrinity.
_959184
700 1 _aCole, Graham A.
_q(Graham Arthur),
_d1949-
_eeditor.
_916075
700 1 _aMartin, Oren R.,
_eeditor.
_959185
776 0 8 _iOnline version:
_aSwain, Scott R.,
_tThe Trinity
_dWheaton, Illinois : Crossway, 2020.
_z9781433561221
_w(DLC) 2020014774
906 _a7
_bcbc
_corignew
_d1
_eecip
_f20
_gy-gencatlg
942 _2lcc
_cBK
999 _c68843
_d68817